000 00594nam a2200217Ia 4500
008 100315s9999 xx 000 0 und d
040 _cENGLISH 
082 _b3966 
100 _a"Chopde, L. N. "
245 _aFinanace & Cost Accounting
260 _aMumbai 
_bsheth  
_c2000 
300 _a474 
365 _eRupees 
_d
_b125.00 
366 _f
505 _gVinayak Gonjare 
620 _aFinanace & Cost Accounting 
630 _aFinanace & Cost Accounting
650 _a"Finanace , Cost Accounting "
730 _aFinanace & Cost Accounting
942 _cBOOK
999 _c478701
_d478698